Accendio - IVE - English Lyrics - Statistics

General Stats
  • This quiz has been taken 32 times
  • The average score is 157 of 211
Answer Stats
Answer % Correct
accendio
91%
Love
91%
love
91%
don't
87%
me,
87%
me
87%
Ah-ah
83%
ah-ah
83%
Ah-ah,
83%
ah-ah-ah
83%
Dear
83%
touch
83%
Watch
83%
hurt
78%
priest
78%
B
74%
I
74%
N
74%
no
74%
see?
74%
U
74%
eight)
70%
(five,
70%
(Five,
70%
seven,
70%
six,
70%
you
70%
Yeah
65%
yeah,
65%
can't
61%
Now
61%
Oh
61%
crazy
57%
R
57%
changing,
52%
Gonna
52%
I'm
52%
make
52%
the
52%
born
48%
Ooh
48%
tears
48%
that
48%
that,
48%
way,
48%
control
43%
much
43%
of
43%
out
43%
too
43%
bad
39%
just
39%
let
39%
like
39%
mirror
39%
talk
39%
them
35%
turn
35%
and
30%
pop
30%
into
26%
swirl
26%
we
26%
pearl,
22%
pure
22%
curse,
17%
magic
13%
syrup
13%
No matching quizzes found
Score Distribution
Percent of People with Each Score
Percentile by Number Answered
Your Score History
You have not taken this quiz